Normal view
MARC view
Entry Topical Term
001 - CONTROL NUMBER
- control field: 32925
003 - CONTROL NUMBER IDENTIFIER
- control field: dpl
005 - DATE AND TIME OF LATEST TRANSACTION
- control field: 20110816172445.0
008 - FIXED-LENGTH DATA ELEMENTS
- fixed length control field: 110816|||a|||||| | ||| d
040 ## - CATALOGING SOURCE
- Original cataloging agency: dpl
- Transcribing agency: dpl
150 ## - HEADING--TOPICAL TERM
- Topical term or geographic name as entry element: Mewar painting
- General subdivision: Themes, motives.
670 ## - SOURCE DATA FOUND
- Source citation: Work cat.: (dpl)55287: Losty, J. P. 32922, The Ramayana :, 2009.
670 ## - SOURCE DATA FOUND
- Source citation: Work cat.: (dpl)55287: Losty, J. P. 32922, The Ramayana :, 2009.
